Регионална библиотека "Любен Каравелов" - Русе

Физическа география на континентите (Запис номер 182372)

MARC детайли
000 -Лидер
Контролно поле с фиксирана дължина 01279nam a2200301 c 4500
003 - Код на организацията, давaща контролен номер
Контролно поле BLK
005 - Дата и час на последна редакция
Контролно поле 20230406130035.0
008 - Елементи от данни с фиксирана дължина
fixed length control field 180411b bul|||||r ||||||| ||bul||
010 ## - Наследен системен номер
LC control number KNG00191296000
040 ## - Източник на каталожния запис
Идентификатор на билиотеката - собственик на записа BLK
041 ## - Код за език
Код за езика на текст/звукозапис или на отделно заглавие Български
Код за езика КДБФ Български
080 ## - УДК
Текстов определител УДК Физическа география
УДК код - определител по УДК 911.2
УДК - код + определител 911.2
100 1# - Редна дума - Автор
Автор Гловня, Мартин Франсоа
Дати, свързани с автора 1919-1966
Автор - информация (биография) Географ
Авторска отговорност първи автор
R(LIN) 54430
139 ## - Редно поле
Редна дума Гловня, Мартин Франсоа
Авторски знак Гли - Г 55
245 10 - Сведения за заглавието
Заглавие Физическа география на континентите
Подзаглавни данни Учебник за студентите по география от Геол.-геогр. фак. на СУ Климент Охридски
Редно поле (дума) Мартин Франсоа Гловня.
257 ## - Страна на издаване
Страна на създаване/издаване България
260 ## - Област на издателските данни
Място на издаване, разпространение и проч. София
Име на издателя, разпространителя и проч. Наука и изкуство
Година на издаване 1967
Печатница Варна : Ст. Добрев-Странджата
300 ## - Физическа характеристика
Страници 744 с.
Илюстрации и др. с ил.
Размери/Мащаб 22 см
380 ## - Жанр
Жанр География
500 ## - Общи забележки
Забележка 5 070 тир. - Библиогр. с. 735-740.
650 #4 - Допълнително описание по предмет – тема
Основно описание – тема или топоним Физическа география
9 (RLIN) 283035
653 ## - Ключова дума – ненормативна
Ключова дума физическа география
653 #7 - Ключова дума – ненормативна
Ключова дума континенти
9 (RLIN) 189095
852 ## - Местоположение
Форматна сигнатура Цб 41240
Фондова буква Хранилище
999 ## - СИСТЕМНИ КОНТРОЛНИ НОМЕРА
Koha biblionumber 182372
Koha biblioitemnumber 182372
942 ## - АРТИКУЛИ
Вид на библиотечния материал Книги
Скрит в OPAC Не
Периодичен библиозапис Да
944 ## - СЪЗДАВАНЕ И РЕДАКЦИЯ на ЗАПИСА
Създаване/Редакция Създаване
Дата на регистрацията/редакция 03.10.2016
Служител, извършил регистрацията/редакцията Кина_Георгиева
944 ## - СЪЗДАВАНЕ И РЕДАКЦИЯ на ЗАПИСА
Създаване/Редакция Редакция
Дата на регистрацията/редакция 2022-06-08
Служител, извършил регистрацията/редакцията СТ
999 ## - СИСТЕМНИ КОНТРОЛНИ НОМЕРА
Koha biblioitemnumber 182372
Наличности
Код за отписване Код за изгубен артикул Източник на класификационната схема Код за повреда Коз за рестрикции Код за отдаване Артикулен № Име на библиотеката - собственик Име на библиотеката, в която се намира в момента Статус (Текущо местоположение) Дата на вписване в системата Местоположение - отдел Цена в лева Инвентарен номер Систематично азбучна сигнатура Баркод Номер на екземпляра Цена в евро Служебна бележка Служебен тип на артикула
  Не е изгубен Universal Decimal Classification Не е повреден без рестрикции ползва се в читалня 313109 Регионална библиотека "Любен Каравелов" Русе Регионална библиотека "Любен Каравелов" Русе Хранилище 1967-01-01 Хранилище 2.56 7182/67 Цб 41240 900000103084 1 1.31 N: стар фонд Дата: 01.01.1967 Книги
Изтеглен Не е изгубен Universal Decimal Classification Не е повреден без рестрикции заемане за дома 313110 Регионална библиотека "Любен Каравелов" Русе Регионална библиотека "Любен Каравелов" Русе Заемна - подръчен фонд 1967-01-01 Заемна - подръчен фонд 0.00 8152/67 П 911.2/Г 55 8152/67 2 0.00 N: стар фонд Дата: 01.01.1967 Книги
Изтеглен Не е изгубен Universal Decimal Classification Не е повреден без рестрикции заемане за дома 313111 Регионална библиотека "Любен Каравелов" Русе Регионална библиотека "Любен Каравелов" Русе Заемна - подръчен фонд 1967-01-01 Заемна - подръчен фонд 0.00 8150/67 П 911.2/Г 55 8150/67 3 0.00 N: стар фонд Дата: 01.01.1967 Книги
Vip Innovations Ltd, Rousse, Bulgaria 2025